000 02285cam a22003371 4500
001 gs 43000063
003 DLC
005 20260227111349.0
008 770531s1942 ksuab 000 0 eng c
010 _ags 43000063
035 _a(OCoLC)3006679
040 _aU. S. Geol. survey. Library
_cOT
_dOCoLC
_dDLC
042 _apremarc
050 0 0 _aQE113
_b.A2 no. 43
082 _a557.81 s
100 1 _aWaite, Herbert Ames,
_d1910-
245 0 0 _aGeology and ground-water resources of Ford County, Kansas /
_cby Herbert A. Waite ; analyses by Robert H. Hess.
260 _aTopeka :
_bKansas state printing plant,
_c1942.
300 _a250 p. :
_bincl. illus., tables, 3 fold. maps (in pocket), fold. profile ;
_c23 cm.
490 0 _aKansas. State geological survey. Bulletin 43
500 _aUniversity of Kansas publications, December, 1942.
500 _aAt head of title: State geological survey of Kansas, Raymond C. Moore ... state geologist and director ... John C. Frye, Ph. D., assistant state geologist and assistant director. Division of ground water, Stanley W. Lohman, geologist in charge.
500 _aPrepared by the U. S. Geological survey and the State geological survey of Kansas, with the coöperation of the Division of sanitation of the Kansas State board of health, and the Division of water resources of the Kansas State board of agriculture.
501 _aWith : Geophysical investigations in the Tri-state zinc and lead mining district / by J. J. Jakosky, R. M. Dreyer, and C. H. Wilson, 1942 -- Geology and ground-water resources of Meade County, Kansas / by John C. Frye, 1942. Bound together subsequent to publication.
_5DLC
501 _aCopy 2 With : Geophysical investigations in the Tri-state zinc and lead mining district / by J. J. Jakosky, R. M. Dreyer, and C. H. Wilson, 1942 -- Geology and ground-water resources of Meade County, Kansas / by John C. Frye, 1942 -- Coal resources of the Douglas group in east-central Kansas / by Arthur L. Bowsher and John M. Jewett, 1943. Bound together subsequent to publication.
_5DLC
504 _aBibliography: p. 170.
650 0 _aWater-supply
_zKansas
_zFord County.
650 0 _aGeology
_zKansas
_zFord County.
700 1 _aHess, Robert Harlan,
_d1910-
710 2 _aGeological Survey (U.S.)
999 _c27905
_d27905